| 000 | 00904nam a22002297a 4500 | ||
|---|---|---|---|
| 003 | SISC | ||
| 005 | 20171019104014.0 | ||
| 008 | 171019b xxu||||| |||| 00| 0 eng d | ||
| 020 | _a9780198308775 | ||
| 050 |
_aCD QC 21.2 _b.C712 2015 |
||
| 100 | _aCollins, Ian | ||
| 245 |
_aComplete physics for Cambridge IGCSE : _bteacher resource pack / _cIan Collins |
||
| 250 | _aThird edition | ||
| 260 |
_aOxford : _bOxford University Press, _cc2015. |
||
| 300 | _a1 CD | ||
| 500 | _aAccompanying material of the book entitled " Complete physics for Cambridge IGCSE: teacher resource pack" with the barcode 20466. | ||
| 538 | _aPC and MAC compatible version 1.0 | ||
| 650 |
_2Library of Congress Subject Headings _aPhysics _xStudy and teaching (Secondary) _zGreat Britain |
||
| 650 |
_2Library of Congress Subject Headings _aPhysics _xStudy and teaching (Secondary) |
||
| 942 |
_2lcc _cAVM |
||
| 999 |
_c344420 _d344420 |
||